Learn rock climbing in a weekend

Bibliographic Details
Main Author: Walker, Kevin
Format: Book
Published: London : Dorling Kindersley , 1991
Subjects:

MARC

LEADER 00000cam a2200000 7i4500
001 0000005803
002 000006271
005 20000330.0
020 |a 0863186637 
090 0 0 |a 796.522   |b WAL 
100 1 |a Walker, Kevin 
245 1 0 |a Learn rock climbing in a weekend   |c by Kevin Walker 
260 |a London :   |b Dorling Kindersley ,   |c 1991 
300 |a 95 p. ;   |c 20 cm. 
650 0 0 |a Mountaineering 
650 0 0 |a Rock climbing 
740 0 |a Rock climbing in a weekend 
999 |a 029611   |b BUKU   |c PINJAMAN   |e PERPUSTAKAAN KOMUNITI PETALING JAYA